200 derniers mots de Harry Potter et l'ordre du Phénix - Statistiques

Statistiques générales
  • Ce quiz a été pris 272 fois
  • Le résultat moyen est 117 sur 200
Statistiques - réponses
Mots % Correct
l'
96%
s'
95%
à
94%
- À
94%
le
94%
d'
93%
Harry.
92%
Harry,
92%
- Harry,
92%
Harry
92%
La
91%
91%
la
91%
n'
91%
de
88%
et
88%
Hermione
88%
Ron
88%
Il
87%
On
86%
qu'
84%
se
84%
les
83%
dès
82%
un
82%
que
81%
une
80%
pas
79%
au
78%
te
78%
dit
77%
ce
76%
qui
76%
elle
75%
ton
73%
en
72%
ils
72%
nous
71%
oncle
71%
Vernon,
71%
Pétunia
70%
son
69%
bien,
68%
bien
68%
mon
68%
pour
68%
tante
68%
Weasley
68%
Dudley
67%
lui
65%
lui.
65%
ses
65%
bientôt,
64%
très
64%
main
61%
main.
61%
ces
57%
dans
52%
sur
52%
avec
51%
sortir
51%
tes
51%
tous
51%
possible,
49%
Potter,
49%
Mrs
48%
serrant
48%
toi,
47%
ferons
44%
promet.
41%
revoir,
41%
Maugrey
40%
voir
40%
passe...
39%
vers
39%
leur
38%
tête.
38%
signe
37%
soin
37%
épaule
36%
fait
36%
- Prends
36%
Lupin
34%
yeux
32%
gens-
31%
derrière
30%
- Bon,
29%
eh
29%
côtés.
27%
vieux,
25%
arrivait
24%
visage
24%
voix
24%
adieu
23%
murmura
23%
nouvelles.
23%
quelqu'
22%
avança
21%
basse.
21%
mots
21%
pensait
21%
puis
21%
contenta
20%
Donne
20%
sourire,
20%
voisins
20%
diraient
19%
nouveau.
19%
voyaient
19%
acquiesça
17%
ajouta
16%
exprimer
16%
jardin.
16%
trouver
16%
clairement
14%
étreignant
14%
rue
14%
tourna
14%
ainsi
13%
signifiait
13%
adressa
12%
gémissement
12%
hâtaient
12%
lisait
12%
suivi
12%
noueuse
11%
talons
11%
anxieux
10%
enverra
10%
laissa
10%
pénétrer
10%
pitoyable.
10%
échapper
9%
ensoleillée,
9%
rassemblés
8%
gravité.
6%
résolu
6%
Aucun quiz correspondant
Distribution des résultats
% des personnes avec chaque résultat
Percentile par nombre de réponses
Votre historique - résultats
Vous n’avez pas pris ce quiz